25 Years of Television Beginnings V Quiz Stats

 Plays Quiz Updated Jun 21, 2017

Support Sporcle.
Go Orange.
Score 0/25 Timer 08:00
0 Plays Today
% Correct
Futurama
89.2%
New Girl
81.3%
The King of Queens
76.9%
It's Always Sunny in Philadelphia
75.3%
Buffy the Vampire Slayer
72%
Dexter's Laboratory
69.9%
The Resident
68.4%
Elementary
65.2%
Shark Tank
63.3%
CSI: Crime Scene Investigation
61.9%
Californication
60.9%
Firefly
55.4%
Boston Legal
55.3%
% Correct
The O.C.
55%
Pretty Little Liars
54.9%
Six Feet Under
54.8%
True Blood
48.3%
Brothers & Sisters
39.9%
Euphoria
35.8%
Snowpiercer
30.7%
Chicago P.D.
25.2%
Westworld
19.8%
Trial & Error
19.7%
Life in Pieces
18.8%
The Millers
12.1%

You're not logged in!

Compare scores with friends on all Sporcle quizzes.
OR
Log In
Forgot?

From the Vault

Movie Hangman

by sproutcm

You'll have to do your own drawing for this one.
Remove Ads.
Support Sporcle.
Get the best of Sporcle when you Go Orange. This ad-free experience offers more features, more stats, and more fun while also helping to support Sporcle. Thank you for becoming a member.

Show Comments

Extras

Top Quizzes Today


Score Distribution

Your Account Isn't Verified!

In order to create a playlist on Sporcle, you need to verify the email address you used during registration. Go to your Sporcle Settings to finish the process.

Report this User

Report this user for behavior that violates our Community Guidelines.

Details: